Sự phát triển của tư tưởng ở Việt Nam từ thế kỷ XIX đến cách mạng tháng Tám. t.III, Thành công của chủ nghĩa Mác - Lênin, tư tưởng Hồ Chí Minh /

Enregistré dans:
Détails bibliographiques
Auteur principal: Trần Văn Giàu, 1911-2010.
Format: Sách giấy
Langue:Vietnamese
Publié: Tp. Hồ Chí Minh : Tổng hợp, 2020.
Sujets:
Tags: Ajouter un tag
Pas de tags, Soyez le premier à ajouter un tag!
Thư viện lưu trữ: Thư viện Trường Đại học Đà Lạt
LEADER 01045nam a2200325 4500
001 DLU210196393
005 ##20210521
020 # # |a 9786045833285 
040 # # |a DLU  |b vie 
041 # # |a vie 
044 # # |a vn 
082 # # |a 320.532  |b TR-G 
100 # # |a Trần Văn Giàu,  |d 1911-2010. 
245 # # |a Sự phát triển của tư tưởng ở Việt Nam từ thế kỷ XIX đến cách mạng tháng Tám.  |n t.III,  |p Thành công của chủ nghĩa Mác - Lênin, tư tưởng Hồ Chí Minh /  |c Trần Văn Giàu. 
260 # # |a Tp. Hồ Chí Minh :  |b Tổng hợp,  |c 2020. 
300 # # |a 559 tr. ;  |c 24 cm. 
650 # # |a Triết học Việt Nam  |y Thế kỷ 19. 
650 # # |a Triết học Việt Nam  |y Thế kỷ 20. 
923 # # |a 03/2020 
990 # # |a t.III 
991 # # |a SH 
992 # # |a 210000 
994 # # |a DLU 
900 # # |a True 
911 # # |a Nguyễn Thanh Hương 
925 # # |a G 
926 # # |a A 
927 # # |a SH 
980 # # |a Thư viện Trường Đại học Đà Lạt